[Event "Bundesliga 2223"]
[Site "Germany"]
[Date "2023.04.30"]
[Round "15.2"]
[White "Vachier Lagrave, Maxime"]
[Black "Pavlidis, Antonios"]
[Result "1-0"]
[WhiteElo "2747"]
[BlackElo "2550"]
[PlyCount "87"]
[EventDate "2022.10.21"]
[EventType "team-tourn"]
[EventRounds "15"]
[EventCountry "GER"]
[SourceTitle "CBM 213 Extra"]
[Source "ChessBase"]
[SourceDate "2023.05.31"]
[SourceVersion "1"]
[SourceVersionDate "2023.05.31"]
[SourceQuality "1"]
[WhiteTeam "Baden-Baden"]
[BlackTeam "Remagen Sinzig"]
[WhiteTeamCountry "GER"]
[BlackTeamCountry "GER"]

1. Nf3 d5 2. g3 Nf6 3. Bg2 e6 4. 0-0 Be7 5. d3 0-0 6. Nbd2 c5 7. e4 Nc6 8. Re1 b5 9. a4 bxa4 10. c3 a5 11. Qxa4 Bd7 12. Qc2 a4 13. exd5 exd5 14. Nf1 Na5 15. Bf4 Nb3 16. Rad1 Ra6 17. d4 cxd4 18. Nxd4 Nxd4 19. Rxd4 a3 20. b4 Qc8 21. Ne3 Be6 22. Ra1 Rd8 23. Qc1 a2 24. Qb2 h6 25. Be5 Nd7 26. Nxd5 Bxd5 27. Rxd5 Nxe5 28. Rxe5 Qc7 29. Rd5 Rxd5 30. Bxd5 Bf6 31. Rxa2 Bxc3 32. Qe2 Rxa2 33. Qe8+ Kh7 34. Bxa2 Bxb4 35. Bxf7 Bf8 36. Qxf8 Qc1+ 37. Kg2 Qc6+ 38. Kh3 Qd7+ 39. g4 Qd3+ 40. Kg2 Qe4+ 41. Kg3 Qe5+ 42. Kh3 Qc3+ 43. Kg2 Qc6+ 44. f3 1-0

[Event "EU-chT 23rd"]
[Site "Terme Catez"]
[Date "2021.11.20"]
[Round "8.2"]
[White "Lupulescu, Constantin"]
[Black "Pavlidis, Antonios"]
[Result "1-0"]
[WhiteElo "2624"]
[BlackElo "2536"]
[PlyCount "75"]
[EventDate "2021.11.12"]
[EventType "team-swiss"]
[EventRounds "9"]
[EventCountry "SLO"]
[SourceTitle "CBM 205"]
[Source "ChessBase"]
[SourceDate "2021.12.31"]
[SourceVersion "1"]
[SourceVersionDate "2021.12.31"]
[SourceQuality "1"]
[WhiteTeam "Romania"]
[BlackTeam "Greece"]
[WhiteTeamCountry "ROU"]
[BlackTeamCountry "GRE"]

1. c4 e6 2. Nc3 d5 3. d4 Nf6 4. cxd5 exd5 5. Bg5 Bb4 6. e3 h6 7. Bh4 g5 8. Bg3 Ne4 9. Qc2 h5 10. f3 Nxg3 11. hxg3 Be6 12. 0-0-0 Nd7 13. e4 c6 14. Bd3 Qa5 15. a3 Bxc3 16. Qxc3 Qxc3+ 17. bxc3 c5 18. exd5 Bxd5 19. c4 Bc6 20. d5 Ba4 21. Re1+ Kf8 22. Ne2 Nb6 23. Kb2 Bd7 24. g4 Na4+ 25. Kc2 h4 26. Ng3 b5 27. cxb5 c4 28. Bxc4 Rc8 29. Kb3 Nb6 30. Re4 Rb8 31. Nf5 Nxc4 32. Kxc4 Rxb5 33. Rhe1 h3 34. gxh3 Rxh3 35. Re7 Rb7 36. R1e3 Rc7+ 37. Kd4 Rh1 38. Ke5 1-0

[Event "EU-chT 23rd"]
[Site "Terme Catez"]
[Date "2021.11.14"]
[Round "3.10"]
[White "Pavlidis, Antonios"]
[Black "Can, Emre"]
[Result "1/2-1/2"]
[WhiteElo "2536"]
[BlackElo "2570"]
[PlyCount "74"]
[EventDate "2021.11.12"]
[EventType "team-swiss"]
[EventRounds "9"]
[EventCountry "SLO"]
[SourceTitle "CBM 205"]
[Source "ChessBase"]
[SourceDate "2021.12.31"]
[SourceVersion "1"]
[SourceVersionDate "2021.12.31"]
[SourceQuality "1"]
[WhiteTeam "Greece"]
[BlackTeam "Turkey"]
[WhiteTeamCountry "GRE"]
[BlackTeamCountry "TUR"]

1. e4 d6 2. d4 Nf6 3. Nc3 e5 4. Nf3 Nbd7 5. Rg1 h5 6. Bc4 Be7 7. a4 c6 8. Qe2 0-0 9. dxe5 dxe5 10. Bd2 Qc7 11. Ng5 Nc5 12. h3 Bd7 13. g4 h4 14. Nxf7 Rxf7 15. g5 Be6 16. gxf6 Bxf6 17. Be3 Bxc4 18. Qxc4 Nd7 19. 0-0-0 Nf8 20. Rg4 Qc8 21. a5 Qe6 22. Qxe6 Nxe6 23. Na4 Be7 24. Rd7 Bb4 25. Rxf7 Kxf7 26. Rxh4 Bxa5 27. Nc5 Bd8 28. Rg4 Nxc5 29. Bxc5 Bf6 30. Rg3 b6 31. Be3 Rh8 32. Kd2 Ke6 33. Bg5 a5 34. Bxf6 gxf6 35. Rc3 Kd6 36. Rf3 Ke6 37. Rc3 Kd6 1/2-1/2

[Event "Bundesliga 1920"]
[Site "Germany"]
[Date "2021.10.15"]
[Round "11.4"]
[White "Moroni, Luca Jr"]
[Black "Pavlidis, Antonios"]
[Result "1/2-1/2"]
[WhiteElo "2541"]
[BlackElo "2556"]
[PlyCount "59"]
[EventDate "2019.11.23"]
[EventType "team-tourn"]
[EventRounds "15"]
[EventCountry "GER"]
[SourceTitle "EXT 2022"]
[Source "ChessBase"]
[SourceDate "2021.10.06"]
[SourceVersion "1"]
[SourceVersionDate "2021.10.06"]
[SourceQuality "1"]
[WhiteTeam "Berlin SF"]
[BlackTeam "Speyer Schwegenheim"]
[WhiteTeamCountry "GER"]
[BlackTeamCountry "GER"]

1. c4 e5 2. Nc3 Bb4 3. g3 Bxc3 4. dxc3 d6 5. e4 Nc6 6. Be3 Nge7 7. f3 f5 8. exf5 Bxf5 9. Nh3 h6 10. Nf2 Qd7 11. Bg2 0-0 12. 0-0 a5 13. Qa4 Be6 14. Rad1 Nf5 15. Bc1 Nb8 16. Qxd7 Nxd7 17. b3 a4 18. Nd3 axb3 19. axb3 Ra1 20. f4 Rb1 21. fxe5 dxe5 22. Rfe1 Rxb3 23. Nxe5 Nxe5 24. c5 Rxc3 25. Rxe5 Bb3 26. Rde1 Nd4 27. Re7 Nf3+ 28. Bxf3 Rcxf3 29. Rxc7 R3f7 30. Rxf7 1/2-1/2

[Event "Bundesliga 1920"]
[Site "Germany"]
[Date "2021.10.15"]
[Round "12.4"]
[White "Pavlidis, Antonios"]
[Black "Vogel, Roven"]
[Result "1-0"]
[WhiteElo "2556"]
[BlackElo "2459"]
[PlyCount "95"]
[EventDate "2019.11.23"]
[EventType "team-tourn"]
[EventRounds "15"]
[EventCountry "GER"]
[SourceTitle "EXT 2022"]
[Source "ChessBase"]
[SourceDate "2021.10.06"]
[SourceVersion "1"]
[SourceVersionDate "2021.10.06"]
[SourceQuality "1"]
[WhiteTeam "Speyer Schwegenheim"]
[BlackTeam "Dresden TU"]
[WhiteTeamCountry "GER"]
[BlackTeamCountry "GER"]

1. e4 c6 2. d4 d5 3. e5 Bf5 4. Nd2 e6 5. Nb3 Nd7 6. Nf3 h6 7. Be2 Ne7 8. 0-0 Bh7 9. a4 a6 10. a5 c5 11. Nxc5 Nxc5 12. dxc5 Nc6 13. Be3 Nxa5 14. b4 Nc6 15. b5 axb5 16. Bxb5 Be7 17. Nd4 0-0 18. Bxc6 bxc6 19. Nxc6 Qc7 20. Nxe7+ Qxe7 21. Qd2 Qd7 22. Qc3 d4 23. Qxd4 Qxd4 24. Bxd4 Rxa1 25. Rxa1 Bxc2 26. Rc1 Be4 27. c6 Rc8 28. c7 Kf8 29. f3 Bd5 30. Bc5+ Ke8 31. Bd6 Kd7 32. Rb1 f5 33. h4 g6 34. Kf2 Bc6 35. Ke3 Bd5 36. g4 fxg4 37. fxg4 h5 38. Rg1 Bb3 39. Kf4 Bc4 40. Rg2 Bb3 41. Rd2 Bd5 42. Rb2 Rh8 43. Kg3 Rc8 44. Rf2 Bb3 45. Rf7+ Kc6 46. Rf6 Bc2 47. Rxe6 hxg4 48. Rf6 1-0

[Event "Online Olym Div Top-A"]
[Site "Chess.com INT"]
[Date "2021.09.10"]
[Round "7.5"]
[White "Idani, Pouya"]
[Black "Pavlidis, Antonios"]
[Result "1/2-1/2"]
[WhiteElo "2627"]
[BlackElo "2536"]
[PlyCount "122"]
[EventDate "2021.09.08"]
[EventType "team (rapid)"]
[EventRounds "9"]
[EventCountry "USA"]
[SourceTitle "CBM 204 Extra"]
[Source "ChessBase"]
[SourceDate "2021.11.30"]
[SourceVersion "1"]
[SourceVersionDate "2021.11.30"]
[SourceQuality "1"]
[WhiteTeam "Iran"]
[BlackTeam "Greece"]
[WhiteTeamCountry "IRI"]
[BlackTeamCountry "GRE"]

1. d4 Nf6 2. Nf3 g6 3. g3 Bg7 4. Bg2 0-0 5. c4 d6 6. 0-0 c6 7. Nc3 Bf5 8. Nh4 Be6 9. b3 d5 10. Qd3 Ne4 11. Bb2 Nxc3 12. Bxc3 Nd7 13. cxd5 cxd5 14. Rac1 Qb6 15. Nf3 Rac8 16. Qd2 Nf6 17. Ne5 Ne4 18. Bxe4 dxe4 19. d5 e3 20. fxe3 Rxc3 21. Qxc3 Bh3 22. Nc4 Bxc3 23. Nxb6 Bd2 24. Nc4 Bxc1 25. Rxc1 Rc8 26. Rc2 Bf5 27. Rd2 b5 28. Ne5 Rc1+ 29. Kf2 a6 30. Rd4 Bb1 31. a4 f5 32. axb5 axb5 33. Rb4 Rc5 34. Nc6 Kf7 35. Nd4 Rxd5 36. Rxb5 Rd6 37. b4 Kf6 38. Rc5 Be4 39. b5 Rb6 40. Ke1 e6 41. Kd2 Ke7 42. Kc3 Kd6 43. Kb4 Rb8 44. Nc6 Rc8 45. Kc4 Bxc6 46. bxc6 Rxc6 47. Rxc6+ Kxc6 48. Kd4 Kd6 49. e4 e5+ 50. Kd3 Kc5 51. h4 f4 52. gxf4 exf4 53. e5 Kd5 54. e6 Kxe6 55. Ke4 h6 56. Kxf4 Kf6 57. e3 g5+ 58. hxg5+ hxg5+ 59. Kg4 Ke5 60. Kxg5 Ke4 61. Kg6 Kxe3 1/2-1/2

[Event "Pardubice Czech op-A 32nd"]
[Site "Pardubice"]
[Date "2021.07.31"]
[Round "9"]
[White "Zwardon, Vojtech"]
[Black "Pavlidis, Antonios"]
[Result "1-0"]
[WhiteElo "2466"]
[BlackElo "2536"]
[PlyCount "97"]
[EventDate "2021.07.23"]
[EventType "swiss"]
[EventRounds "9"]
[EventCountry "CZE"]
[SourceTitle "CBM 203 Extra"]
[Source "ChessBase"]
[SourceDate "2021.09.30"]
[SourceVersion "1"]
[SourceVersionDate "2021.09.30"]
[SourceQuality "1"]

1. c4 g6 2. g3 Bg7 3. Bg2 c5 4. Nc3 Nc6 5. d3 e6 6. Nh3 Nge7 7. Nf4 b6 8. 0-0 Bb7 9. Rb1 0-0 10. Qd2 d6 11. b3 Qd7 12. e3 Ne5 13. e4 f5 14. Kh1 N7c6 15. Nce2 Nd4 16. Nxd4 cxd4 17. Bb2 Nc6 18. exf5 Rxf5 19. Qe2 e5 20. Nd5 Ne7 21. Nxe7+ Qxe7 22. f4 Raf8 23. Rbe1 Qf7 24. Ba3 exf4 25. Rxf4 Bxg2+ 26. Qxg2 Be5 27. Rxf5 Qxf5 28. Kg1 Qxd3 29. Qd5+ Rf7 30. Bxd6 Bxd6 31. Qxd6 Qd2 32. Re8+ Kg7 33. Qe5+ Kh6 34. Qe2 Qxe2 35. Rxe2 Rd7 36. Kf2 Kg5 37. Ke1 Kg4 38. Kd2 d3 39. Rf2 Kh3 40. b4 g5 41. Kc3 g4 42. Rd2 h5 43. c5 bxc5 44. bxc5 Re7 45. Kxd3 h4 46. gxh4 Rd7+ 47. Kc3 Rxd2 48. Kxd2 Kxh2 49. h5 1-0

[Event "Pardubice op rapid 32nd"]
[Site "Pardubice"]
[Date "2021.07.22"]
[Round "4"]
[White "Pavlidis, Antonios"]
[Black "Kulon, Klaudia"]
[Result "1-0"]
[WhiteElo "2536"]
[BlackElo "2363"]
[PlyCount "53"]
[EventDate "2021.07.21"]
[EventType "swiss (rapid)"]
[EventRounds "9"]
[EventCountry "CZE"]
[SourceTitle "CBM 203 Extra"]
[Source "ChessBase"]
[SourceDate "2021.09.30"]
[SourceVersion "1"]
[SourceVersionDate "2021.09.30"]
[SourceQuality "1"]

1. c4 Nf6 2. Nc3 g6 3. e4 d6 4. d4 Bg7 5. h3 0-0 6. Be3 e5 7. d5 c6 8. g4 cxd5 9. cxd5 Na6 10. Nge2 Qa5 11. f3 b5 12. Nc1 b4 13. Nb3 Qc7 14. Nb5 Qb8 15. Rc1 Bd7 16. Qd3 Bxb5 17. Qxb5 Qxb5 18. Bxb5 Nb8 19. Na5 a6 20. Ba4 Ne8 21. g5 Bh8 22. Rc8 Ng7 23. Rxf8+ Kxf8 24. Kd2 Ke7 25. Rc1 Nd7 26. Rc7 Rd8 27. Nc6+ 1-0

[Event "EU-Cup Online Gr-E"]
[Site "Tornelo INT"]
[Date "2021.03.28"]
[Round "7.1"]
[White "Pavlidis, Antonios"]
[Black "Ozturk Orenli, Kubra"]
[Result "0-1"]
[WhiteElo "2536"]
[BlackElo "2330"]
[PlyCount "56"]
[EventDate "2021.03.27"]
[EventType "team-tourn (rapid)"]
[EventRounds "9"]
[EventCountry "NET"]
[SourceTitle "CBM 201 Extra"]
[Source "ChessBase"]
[SourceDate "2021.05.31"]
[SourceVersion "1"]
[SourceVersionDate "2021.05.31"]
[SourceQuality "1"]
[WhiteTeam "Kavalas"]
[BlackTeam "Anatolia Turquoise"]
[WhiteTeamCountry "GRE"]
[BlackTeamCountry "TUR"]

1. e4 e5 2. Nc3 Nf6 3. d4 exd4 4. Qxd4 Nc6 5. Qd3 Bb4 6. Bd2 0-0 7. 0-0-0 Re8 8. Nge2 d6 9. h3 Ne5 10. Qg3 Nh5 11. Qh2 Nc4 12. Be1 Qg5+ 13. Kb1 Qa5 14. Rd5 c5 15. Rxh5 Be6 16. Qg3 Nxb2 17. Nc1 Na4 18. Nxa4 Bxe1 19. Nb2 b5 20. Nb3 Bxb3 21. cxb3 Bc3 22. Be2 Bxb2 23. Kxb2 Qd2+ 24. Ka1 Qxe2 25. Rg5 g6 26. h4 Qxe4 27. h5 Qd4+ 28. Kb1 Re2 0-1

[Event "EU-Cup Online Gr-E"]
[Site "Tornelo INT"]
[Date "2021.03.27"]
[Round "3.1"]
[White "Westerberg, Jonathan"]
[Black "Pavlidis, Antonios"]
[Result "1/2-1/2"]
[WhiteElo "2534"]
[BlackElo "2536"]
[PlyCount "89"]
[EventDate "2021.03.27"]
[EventType "team-tourn (rapid)"]
[EventRounds "9"]
[EventCountry "NET"]
[SourceTitle "CBM 201 Extra"]
[Source "ChessBase"]
[SourceDate "2021.05.31"]
[SourceVersion "1"]
[SourceVersionDate "2021.05.31"]
[SourceQuality "1"]
[WhiteTeam "Stockholm CC"]
[BlackTeam "Kavalas"]
[WhiteTeamCountry "SWE"]
[BlackTeamCountry "GRE"]

1. e4 c5 2. Nf3 Nc6 3. Nc3 d6 4. Bb5 Bd7 5. 0-0 Nf6 6. d3 e6 7. a3 Be7 8. h3 0-0 9. Bf4 a6 10. Bc4 b5 11. Ba2 e5 12. Bg5 Be6 13. Bxf6 Bxf6 14. Nd5 g6 15. c3 Bg7 16. Qd2 h6 17. a4 Kh8 18. Nh2 f5 19. f3 Ne7 20. Nxe7 Qxe7 21. Bxe6 Qxe6 22. Rfe1 d5 23. Nf1 d4 24. cxd4 exd4 25. exf5 Qxf5 26. Ng3 Qd5 27. axb5 axb5 28. Ra5 Rxa5 29. Qxa5 Qb3 30. Qb6 Qxd3 31. Qxc5 Qc4 32. Qd6 d3 33. Rd1 Qd4+ 34. Qxd4 Bxd4+ 35. Kf1 Be5 36. Ne4 Rd8 37. b3 h5 38. Nc5 d2 39. Ne4 Rd3 40. Nxd2 Bf4 41. Ke2 Re3+ 42. Kf2 Rd3 43. Ke2 Re3+ 44. Kf2 Rd3 45. Ke2 1/2-1/2